| 000 | 00369nam a2200145Ia 4500 | ||
|---|---|---|---|
| 008 | 240624s9999 xx 000 0 und d | ||
| 041 | _aeng | ||
| 082 | _a658.8 FOR | ||
| 100 | _aFORSYTH PATRICK | ||
| 245 | _aMARKETING AND SELLING PROFESSIONAL SERVI | ||
| 250 | _a(3rd ed.) | ||
| 260 |
_c2004 _aNew Delhi _bKogan Page |
||
| 300 | _axxiv, : 311 : cm. ; 23 | ||
| 365 | _cRS | ||
| 999 |
_c2201 _d2201 |
||